Rozsypanka literowa - Pokemony - Statystyki

Ogólne statystyki
  • Ten quiz został rozwiązany 800 razy
  • Średni wynik to 7 z 20
Statystyki odpowiedzi
Pokemon % Poprawnych
Mew
95%
Muk
94%
Eevee
89%
Jynx
87%
Abra
84%
Vulpix
81%
Alakazam
79%
Onix
77%
Ditto
75%
Bulbasaur
73%
Doduo
73%
Rattata
72%
Snorlax
71%
Zubat
71%
Ekans
70%
Gengar
66%
Squirtle
64%
Pikachu
63%
Magmar
61%
Hypno
60%
Arbok
58%
Jigglypuff
58%
Seel
58%
Diglett
55%
Rhydon
54%
Kadabra
53%
Lapras
52%
Psyduck
52%
Charizard
51%
Machop
51%
Weedle
51%
Paras
50%
Kangaskhan
49%
Golem
48%
Kabuto
48%
Machamp
48%
Mewtwo
48%
Pidgey
48%
Gloom
47%
Rhyhorn
47%
Horsea
45%
Pinsir
45%
Voltorb
45%
Kakuna
44%
Koffing
43%
Butterfree
42%
Grimer
42%
Nidorino
41%
Pidgeot
41%
Pidgeotto
41%
Jolteon
40%
Meowth
40%
Ponyta
40%
Dodrio
38%
Magnemite
38%
Vaporeon
38%
Wigglytuff
38%
Geodude
37%
Marowak
37%
Oddish
37%
Raichu
37%
Scyther
36%
Magikarp
34%
Mankey
34%
Porygon
34%
Beedrill
33%
Charmander
33%
Golbat
33%
Weepinbell
33%
Drowzee
32%
Poliwhirl
32%
Venusaur
32%
Electabuzz
31%
Golduck
31%
Nidoking
30%
Shellder
30%
Tangela
30%
Aerodactyl
29%
Gastly
29%
Ivysaur
29%
Nidoran
29%
Poliwag
29%
Raticate
29%
Slowbro
29%
Dugtrio
28%
Hitmonchan
28%
Nidorina
28%
Slowpoke
28%
Tauros
28%
Zapdos
28%
Magneton
27%
Rapidash
27%
Sandslash
27%
Exeggutor
26%
Gyarados
26%
Krabby
26%
Venomoth
26%
Dewgong
25%
Farfetch'd
25%
Graveler
25%
Metapod
25%
Cubone
24%
Staryu
24%
Weezing
24%
Clefable
23%
Exeggcute
23%
Seadra
23%
Bellsprout
22%
Caterpie
22%
Flareon
22%
Growlithe
22%
Vileplume
22%
Blastoise
21%
Dratini
21%
Nidoqueen
21%
Dragonair
20%
Tentacruel
20%
Clefairy
19%
Electrode
19%
Lickitung
19%
Ninetales
19%
Poliwrath
19%
Primeape
19%
Sandshrew
19%
Haunter
18%
Kabutops
18%
Moltres
18%
Wartortle
18%
Goldeen
17%
Machoke
17%
Seaking
17%
Starmie
17%
Victreebel
17%
Arcanine
16%
Charmeleon
16%
Parasect
16%
Spearow
16%
Tentacool
16%
Fearow
15%
Omastar
15%
Kingler
14%
Cloyster
13%
Persian
13%
Dragonite
12%
Venonat
12%
Articuno
11%
Hitmonlee
11%
Chansey
9%
Omanyte
9%
Nie znaleziono quizów pasujących do podanych kryteriów
Rozkład punktacji
Procent ludzi z każdym wynikiem
Percentyl według liczby udzielonych odpowiedzi
Twoja historia wyników
Nie rozwiązałeś tego quizu